000 01107cab a2200205 4500
001 ##L136812
008 070226n2007 000 0 eng u
035 _a(Sirsi) u136812
041 0 _aeng
100 1 _aMylius, Andrew
245 0 0 _aCan contractors be green?
260 _c2007
490 0 _aNew Civil Engineer
_v(1655) 15 February 2007, 18-21(3)
520 _aLooks at measures contractors are taking to meet government's sustainability targets. Kier has cut back on materials waste and its use of water and electricity during 2006, is also operating car-sharing schemes, and has recently gained ISO14001 certification. Carillion has also been pursuing the joint objectives of environmental and commercial efficiency for several years. Argues that responding to climate change can involve simple measures, such as using recycled materials, having goods delivered without packaging, manufacturing more through factories, and segregating waste on site.
590 _aKA
650 2 4 _aISO14001
651 4 _aUnited Kingdom
_y
690 _aBUILT ENVIRONMENT-SUSTAINABLE CONSTRUCTION
942 _n0
999 _c78455
_d78455